000
00342 a2200157 4500
001
178494
020
_a
040
_c
Magnum
100
_a
Nöel, Geneviève
240
1
0
_a
O gato que perdeu a cor
_l
por
245
1
0
_a
O gato que perdeu a cor
362
0
_a
1899
440
1
_a
Scipione
697
_a
MAGNITO: IJ/PARADIDATICO
942
_c
BK
999
_c
178494
_d
178494